Pays avec la lettre C - Statistiques

Statistiques générales
  • Ce quiz a été pris 1 208 fois
    1 162 depuis la dernière actualisation
  • Le résultat moyen est 22 sur 38
Statistiques - réponses
Réponses % Correct
Chine
91%
Canada
90%
Chili
80%
Colombie
80%
Croatie
80%
République Démocratique du Congo
79%
République du Congo
79%
Corée du Nord
78%
Corée du Sud
78%
Cameroun
77%
Cambodge
76%
Chypre
69%
Cuba
68%
Costa Rica
67%
Comores
65%
France
65%
Cap-Vert
59%
Maroc
59%
Côte d'Ivoire
56%
République Centrafricaine
53%
République Tchèque
51%
Vatican
51%
Grèce
50%
Nicaragua
46%
Saint-Christophe-et-Niévès
46%
République Dominicaine
45%
Macédoine du Nord
44%
Madagascar
44%
Monaco
43%
Tchad
42%
Liechtenstein
41%
Saint-Vincent-et-les-Grenadines
41%
Autriche
40%
Sainte-Lucie
39%
États fédérés de Micronésie
34%
Maurice
34%
Seychelles
34%
Sao Tomé-et-Principe
24%
Aucun quiz correspondant
Distribution des résultats
% des personnes avec chaque résultat
Percentile par nombre de réponses
Votre historique - résultats
Vous n’avez pas pris ce quiz depuis la dernière actualisation